00896nam a22002657a 4500003000500000005001700005008004100022010000900063011000900072035000900081040000900090100003400099245014600133260004000279300001900319500001200338502007700350650003000427650003200457650002700489650002900516650002400545650002400569710003700593CHAP20220817040856.0971013s1991 r 00010 d a1909 a2881 a2081 cCHAP00aMuñoz Garza, Mario Aniceto. aRespuesta de dos híbridos de maíz (Zea mays L.) a la fertilización y densidad de población, en el municipio de Diaz Ordaz, Tamaulipas aChapingo, Méx. :bEl Autor,c1991 a58 h.b: ilus. aD43-190 aTesis (Ing. Agr. Esp. en Fitotecnia) -- UACH. Departamento de Fitotecnia14aFertilizantes fosfatados.14aFertilizantes nitrogenados.14aMaízxEspaciamiento.14aMaízxFertilización.14aMaízxHíbridos.14aMaízxTamaulipas. aUACH. Departamento de Fitotecnia